Vite Habillons-Nous (Record no. 156)

MARC details
000 -LEADER
Leader 01506npm a2200157 4500
003 - IDENTIFIANT DE NUMÉRO DE CONTRÔLE
champ de contrôle OSt
005 - DATE ET HEURE DE LA DERNIÈRE TRANSACTION
champ de contrôle 20260129131237.0
008 - Éléments de longueur fixe - Renseignements généraux
Leader 250331b |||||||| |||| 00| 0 fre d
040 ## - SOURCE DE CATALOGAGE
Agence transcriptrice autismepaimpol.fr
245 ## - Titre
Titre Vite Habillons-Nous
246 ## - Pour qui ? Pour quoi ?
Pour quoi ? Pour qui ? Un loto en volume et un encastrement pour apprendre à s'habiller et à ranger ses vêtements
260 ## - Publication, diffusion, etc. (marque d'éditeur)
Nom de l'éditeur, du diffuseur, etc. NATHAN JEUX
942 ## - Type d'objet
Type d'objet Matériel pédagogique
520 ## - Abrégé
Abrégé Jeu consistant à<br/>- habiller les différents personnages avec des vêtements de leur couleur préférée<br/>- replacer correctement les vêtement dans le socle "armoire"<br/>- prendre dans l'armoire le vêtement que tic-tac-toe a sur lui quand il est montré<br/>
Développement du résumé 1ère partie - le loto en volume :<br/>Prendre une ou plusieurs planches "personnage", Ouvrir l'armoire de vêtements et poser la mascotte verticalement.<br/>On peut alors observer les vêtements, les nommer, indiquer aussi leurs couleurs et voir à quel personnage ils correspondent.<br/>2ème partie - l'encastrement :<br/>La partie terminée, il faut ranger tous les habits, en fonction de leur forme et de leur couleur. Mais chacun a sa place et ne peut aller ailleurs dans l'armoire. C'est comme un puzzle en fait !!<br/><br/>
562 ## - NOTE D'IDENTIFICATION DE L'EXEMPLAIRE ET DE LA VERSION
Format de présentation Contenu : <br/>- 1 règle de jeu<br/>- 1 socle "armoire"<br/>- 1 tenue de couleur bleue (chapeau; t-shirt; pantalon)<br/>- 1 tenue de couleur jaune (chapeau; t-shirt; pantalon)<br/>- 1 tenue de couleur verte (bonnet; pull; pantalon)<br/>- 1 tenue de couleur rose (chapeau; t-shirt; jupe) <br/>- 4 planches imprimées<br/>- 2 figurines encastrables
999 ## -
-- 156
-- 156
Holdings
Statut retiré des collections Statut perdu Source de classification / plan de classement Statut endommagé Exclu du prêt Site de rattachement Site actuel Date d'acquisition Total des prêts Code à barres Vu en dernier Prix effectif de Type de document Koha
    Classification décimale de Dewey     Autisme Paimpol - Matériel Autisme Paimpol - Matériel 31/03/2025   92 31/03/2025 31/03/2025 Matériel pédagogique

Powered by Koha